00401nam a2200121Ia 4500008004100000024004500041082001600086100005900102245003300161260002600194600002100220650003800241260210s9999 xx 000 0 und d a10B-85-BS, 10B-83-BS & 10B-41-BS a005.072 MUH aMuhammad Usman Nasir, Affan Uddin & Rizwan Manzoor 0aCancer Identification System aKarachi:bUITU,c2010 aComputer Science aBachelor of Computer Science (BS)